Vélos de GTA 5 - Statistiques

Statistiques générales
  • Ce quiz a été pris 13 fois
  • Le résultat moyen est 2 sur 9
Statistiques - réponses
Marque Modèle % Correct
BMX
100%
Scorcher
33%
Cruiser
11%
Endurex
11%
Fixter
11%
Coil Inductor
11%
Coil Inductor Junk Energy
11%
Tri-Cycles
11%
Whippet
11%
Aucun quiz correspondant
Distribution des résultats
% des personnes avec chaque résultat
Percentile par nombre de réponses
Votre historique - résultats
Vous n’avez pas pris ce quiz